00905nam a2200217 a 4500001001000000003000500010005001700015008004100032010001100073011001100084040000900095100003600104245017100140260004100311500006000352502013100412650003300543650002100576650002000597856007000617000115270CHAP20220329144526.0190122s2018 mx a sm |||||||spa d a111731 a112703 cCHAP1 aMartínez Hernández, Amador.10aAnálisis de los factores que determinan las exportaciones de mango de México a los Estados Unidos de América /h[En línea]cpor Amador Martínez Hernández. aChapingo, Méx. :bEl autor,c2018. aPara ver el contenido del material haga clic en la liga aTesis (M. C. en Economía Agrícola y de los Recursos Naturales) -- UACH. División de Ciencias Económico Administrativas14aMangoxExportaciónzE.U.A.14aMangoxMercadeo.14aMangoxPrecios. aFinding aiduhttp://10.13.5.2/tesis/sist115270.pdfzTeclea aquí